[Event "SVK-chB op"]
[Site "Bratislava"]
[Date "2023.07.04"]
[Round "4"]
[White "Panko, Eduard"]
[Black "Andre, Tomas"]
[Result "0-1"]
[WhiteElo "2034"]
[BlackElo "1632"]
[PlyCount "80"]
[EventDate "2023.07.01"]
[EventType "swiss"]
[EventRounds "9"]
[EventCountry "SVK"]
[SourceTitle "CBM 215 Extra"]
[Source "ChessBase"]
[SourceDate "2023.09.30"]
[SourceVersion "1"]
[SourceVersionDate "2023.09.30"]
[SourceQuality "1"]

1. h3 e5 2. Nf3 e4 3. Nd4 c5 4. Nb3 d5 5. d3 f5 6. g3 Nf6 7. Bg2 Bd6 8. Be3 d4 9. Bg5 e3 10. fxe3 Bxg3+ 11. Kd2 Ne4+ 12. dxe4 Qxg5 13. Qg1 dxe3+ 14. Kc1 f4 15. Qd1 c4 16. Nd4 0-0 17. c3 Nc6 18. Nxc6 bxc6 19. Na3 f3 20. Bf1 Be6 21. Qa4 Qc5 22. Qb4 fxe2 23. Bxe2 Qxb4 24. cxb4 Rf2 25. Re1 Rh2 26. Kc2 Bxe1 27. Rxe1 Rd8 28. Kc3 Rxh3 29. Nxc4 Bxc4 30. Bxc4+ Kh8 31. e5 e2+ 32. Kc2 Re3 33. e6 Rd6 34. a4 g5 35. b5 cxb5 36. axb5 g4 37. b3 g3 38. Kb2 g2 39. e7 Rxe7 40. Ka3 Rd1 0-1

[Event "SVK-chB op"]
[Site "Bratislava"]
[Date "2023.07.02"]
[Round "2"]
[White "Panko, Eduard"]
[Black "Pozsar, Peter"]
[Result "1-0"]
[WhiteElo "2034"]
[BlackElo "1826"]
[PlyCount "59"]
[EventDate "2023.07.01"]
[EventType "swiss"]
[EventRounds "9"]
[EventCountry "SVK"]
[SourceTitle "CBM 215 Extra"]
[Source "ChessBase"]
[SourceDate "2023.09.30"]
[SourceVersion "1"]
[SourceVersionDate "2023.09.30"]
[SourceQuality "1"]

1. e4 c5 2. a3 g6 3. Nc3 Bg7 4. h4 Nc6 5. h5 a6 6. d3 d6 7. g3 Nf6 8. h6 Bf8 9. Bg2 e6 10. Bg5 Be7 11. Nge2 Ng8 12. Be3 Bf6 13. g4 Nd4 14. Rb1 e5 15. Ng3 Be6 16. Nd5 Bxd5 17. exd5 Nb5 18. Qd2 Be7 19. g5 f5 20. f4 Qc7 21. 0-0 0-0-0 22. c3 Qb6 23. a4 Nc7 24. b4 exf4 25. Bxf4 cxb4+ 26. Kh2 b3 27. c4 Qd4 28. Ne2 Qc5 29. Be3 Nxh6 30. gxh6 1-0

[Event "SVK-chT2D 2122"]
[Site "Slovakia"]
[Date "2022.03.27"]
[Round "9.6"]
[White "Panko, Eduard"]
[Black "Korytko, Peter"]
[Result "0-1"]
[WhiteElo "1908"]
[BlackElo "2082"]
[PlyCount "108"]
[EventDate "2021.10.16"]
[EventType "team-tourn"]
[EventRounds "11"]
[EventCountry "SVK"]
[SourceTitle "EXT 2023"]
[Source "ChessBase"]
[SourceDate "2022.10.05"]
[SourceVersion "1"]
[SourceVersionDate "2022.10.05"]
[SourceQuality "1"]
[WhiteTeam "Stropkov/Svidnik"]
[BlackTeam "Margecany"]
[WhiteTeamCountry "SVK"]
[BlackTeamCountry "SVK"]

1. e4 e5 2. Nf3 Nc6 3. d4 exd4 4. Bc4 Qe7 5. 0-0 Ne5 6. Nxe5 Qxe5 7. f4 Qc5 8. Qd3 Rb8 9. a4 Nh6 10. Nd2 Qh5 11. Nf3 a6 12. f5 b5 13. axb5 axb5 14. Bb3 c5 15. Bd5 Bd6 16. Ra7 Ng4 17. h3 Ne5 18. Qe2 c4 19. Qf2 Nxf3+ 20. Qxf3 Qxf3 21. Rxf3 Bc5 22. Ra1 0-0 23. Kf1 Bb7 24. Bf4 Ra8 25. Rxa8 Bxa8 26. Rg3 Kh8 27. f6 g6 28. Bh6 Rc8 29. Bxf7 Bf8 30. Bf4 Bxe4 31. Be5 d3 32. cxd3 Bxd3+ 33. Kf2 Rc5 34. Bd4 Rf5+ 35. Rf3 Bc5 36. Bxc5 Rxc5 37. Be8 Rf5 38. Bxd7 Rxf3+ 39. Kxf3 b4 40. Ke3 Bf5 41. Ba4 Kg8 42. g4 Be6 43. Bd1 Kf7 44. g5 Bxh3 45. Kd4 Be6 46. Kc5 c3 47. bxc3 b3 48. Kb4 b2 49. Bc2 Ba2 50. c4 b1Q+ 51. Bxb1 Bxb1 52. c5 h6 53. gxh6 Kxf6 54. c6 g5 0-1

[Event "SVK-chT1E 2122"]
[Site "Slovakia"]
[Date "2022.03.20"]
[Round "7.6"]
[White "Panko, Eduard"]
[Black "Kovac, Stefan"]
[Result "1-0"]
[WhiteElo "1908"]
[BlackElo "1697"]
[PlyCount "58"]
[EventDate "2022.01.29"]
[EventType "team-tourn"]
[EventRounds "11"]
[EventCountry "SVK"]
[SourceTitle "EXT 2023"]
[Source "ChessBase"]
[SourceDate "2022.10.05"]
[SourceVersion "1"]
[SourceVersionDate "2022.10.05"]
[SourceQuality "1"]
[WhiteTeam "Bardejov"]
[BlackTeam "Michalovce Zemplin"]
[WhiteTeamCountry "SVK"]
[BlackTeamCountry "SVK"]

1. e4 c5 2. a3 Nc6 3. b4 cxb4 4. axb4 Nxb4 5. c3 Nc6 6. d4 d6 7. f4 e6 8. Nf3 Bd7 9. Bd3 h6 10. 0-0 Nf6 11. e5 dxe5 12. fxe5 Nd5 13. Bd2 Be7 14. Qe1 g6 15. Qg3 Qb6 16. Bc1 0-0-0 17. Nfd2 Rdf8 18. Nc4 Qc7 19. Bd2 a6 20. Nba3 Kd8 21. Nd6 Bxd6 22. exd6 Qb8 23. Nc4 g5 24. Rfb1 Qa7 25. Kh1 f5 26. Na5 Nxa5 27. Rxa5 Bc6 28. Qe5 Bd7 29. Rc5 Nf6 1-0

[Event "SVK-chT1E 2122"]
[Site "Slovakia"]
[Date "2022.02.27"]
[Round "5.8"]
[White "Panko, Eduard"]
[Black "Minich, Miroslav"]
[Result "1-0"]
[WhiteElo "1908"]
[BlackElo "1940"]
[PlyCount "71"]
[EventDate "2022.01.29"]
[EventType "team-tourn"]
[EventRounds "11"]
[EventCountry "SVK"]
[SourceTitle "EXT 2023"]
[Source "ChessBase"]
[SourceDate "2022.10.05"]
[SourceVersion "1"]
[SourceVersionDate "2022.10.05"]
[SourceQuality "1"]
[WhiteTeam "Bardejov"]
[BlackTeam "Zvolen Slavia"]
[WhiteTeamCountry "SVK"]
[BlackTeamCountry "SVK"]

1. e4 c6 2. Nc3 d5 3. Nf3 dxe4 4. Nxe4 Nd7 5. Bc4 Ngf6 6. Neg5 e6 7. d4 h6 8. Nh3 Bd6 9. Qe2 Nb6 10. Bb3 Nbd5 11. Bd2 Qc7 12. Ne5 0-0 13. f4 Ne7 14. g4 b5 15. c3 Bb7 16. g5 hxg5 17. Nxg5 Ned5 18. h4 c5 19. Rg1 cxd4 20. cxd4 Qb6 21. Ngf3 Ne7 22. h5 Bxf3 23. Nxf3 Nf5 24. Qg2 Qc6 25. d5 Nxd5 26. Nd4 Qe8 27. Nxf5 exf5+ 28. Kd1 g6 29. Bxd5 Kg7 30. Bxa8 Bc5 31. Re1 Qxa8 32. Qxa8 Rxa8 33. Bc3+ f6 34. hxg6 Kxg6 35. Re6 Rd8+ 36. Kc2 1-0

[Event "SVK-chT2D 2122"]
[Site "Slovakia"]
[Date "2021.11.13"]
[Round "3.3"]
[White "Panko, Eduard"]
[Black "Balazs, Attila2222"]
[Result "1/2-1/2"]
[WhiteElo "2004"]
[BlackElo "2008"]
[PlyCount "32"]
[EventDate "2021.10.16"]
[EventType "team-tourn"]
[EventRounds "11"]
[EventCountry "SVK"]
[SourceTitle "EXT 2023"]
[Source "ChessBase"]
[SourceDate "2022.10.05"]
[SourceVersion "1"]
[SourceVersionDate "2022.10.05"]
[SourceQuality "1"]
[WhiteTeam "Stropkov/Svidnik"]
[BlackTeam "Moldava nad Bodvou"]
[WhiteTeamCountry "SVK"]
[BlackTeamCountry "SVK"]

1. b3 c5 2. Bb2 Nc6 3. f4 d6 4. e3 e5 5. Bb5 Bd7 6. Qe2 Qh4+ 7. g3 Qe7 8. Nc3 Nf6 9. fxe5 Nxe5 10. Bxd7+ Qxd7 11. Qg2 0-0-0 12. 0-0-0 d5 13. Nce2 Bd6 14. Nf3 Rhe8 15. Rhf1 Nxf3 16. Qxf3 Be7 1/2-1/2

[Event "EU-ch Amateur Online Final 1700/2000"]
[Site "Tornelo INT"]
[Date "2021.04.25"]
[Round "3"]
[White "Panko, Eduard"]
[Black "Gkavardinas, Antonios"]
[Result "1-0"]
[WhiteElo "1940"]
[BlackElo "1606"]
[PlyCount "115"]
[EventDate "2021.04.25"]
[EventType "swiss (rapid)"]
[EventRounds "9"]
[EventCountry "NET"]
[SourceTitle "EXT 2023"]
[Source "ChessBase"]
[SourceDate "2022.10.05"]
[SourceVersion "1"]
[SourceVersionDate "2022.10.05"]
[SourceQuality "1"]

1. e4 c5 2. a3 g6 3. b4 Bg7 4. Nc3 cxb4 5. axb4 d6 6. Nf3 Nf6 7. Rb1 0-0 8. d3 a6 9. Bd2 b5 10. g3 Nc6 11. Bg2 Bb7 12. Qc1 Rc8 13. Ne2 Ng4 14. h3 Nce5 15. Nxe5 Nxe5 16. Qd1 Nc6 17. 0-0 Qc7 18. c3 Ne5 19. Be3 Nd7 20. Qd2 Bxc3 21. Nxc3 Qxc3 22. Qe2 f5 23. Bh6 Rf7 24. Rfc1 Qe5 25. Rxc8+ Bxc8 26. Qc2 Nb6 27. Qc7 Nd7 28. Qxc8+ Nf8 29. Rc1 fxe4 30. dxe4 Qh5 31. Be3 Qe2 32. Qxa6 Kg7 33. Bf1 Qf3 34. Qxb5 e5 35. Bg2 Qf6 36. Qd5 Ne6 37. b5 Nc7 38. Qc6 Ne6 39. Qxd6 Rf8 40. b6 Rd8 41. Qc6 Qf7 42. b7 Nd4 43. Bxd4 exd4 44. Qc7 Rd7 45. b8Q d3 46. Qxd7 Qxd7 47. Rc7 Qxc7 48. Qxc7+ Kh6 49. Qf4+ g5 50. Qe3 Kh5 51. Qxd3 h6 52. f3 g4 53. hxg4+ Kg5 54. Qd5+ Kg6 55. Kh2 h5 56. gxh5+ Kh6 57. g4 Kg7 58. Qd6 1-0

[Event "EU-ch Amateur Online Final 1700/2000"]
[Site "Tornelo INT"]
[Date "2021.04.25"]
[Round "5"]
[White "Panko, Eduard"]
[Black "Tagkaloglou, Savvas Stefanos"]
[Result "1-0"]
[WhiteElo "1940"]
[BlackElo "1487"]
[PlyCount "25"]
[EventDate "2021.04.25"]
[EventType "swiss (rapid)"]
[EventRounds "9"]
[EventCountry "NET"]
[SourceTitle "EXT 2023"]
[Source "ChessBase"]
[SourceDate "2022.10.05"]
[SourceVersion "1"]
[SourceVersionDate "2022.10.05"]
[SourceQuality "1"]

1. e4 c5 2. a3 e6 3. b4 cxb4 4. axb4 Bxb4 5. Bb2 Nf6 6. e5 Nd5 7. c4 Ne7 8. Qg4 0-0 9. Nf3 Nbc6 10. Bd3 Qb6 11. Bxh7+ Kxh7 12. Qh5+ Kg8 13. Ng5 1-0

[Event "SVK-chT2D 1920"]
[Site "Slovakia"]
[Date "2020.01.26"]
[Round "7.5"]
[White "Garancovsky, Pavol"]
[Black "Panko, Eduard"]
[Result "0-1"]
[WhiteElo "2033"]
[BlackElo "2010"]
[PlyCount "84"]
[EventDate "2019.10.26"]
[EventType "team-tourn"]
[EventRounds "11"]
[EventCountry "SVK"]
[SourceTitle "CBM 194 Extra"]
[Source "ChessBase"]
[SourceDate "2020.03.31"]
[SourceVersion "1"]
[SourceVersionDate "2020.03.31"]
[SourceQuality "1"]
[WhiteTeam "Presov Tatran Dason"]
[BlackTeam "Stropkov/Svidnik"]
[WhiteTeamCountry "SVK"]
[BlackTeamCountry "SVK"]

1. d4 d6 2. e4 Nf6 3. Nc3 c6 4. f4 Qa5 5. Bd2 e5 6. Nf3 exd4 7. Nxd4 Qb6 8. Nb3 a5 9. Qe2 Bg4 10. Qd3 Be6 11. Nd4 Na6 12. Nxe6 fxe6 13. Na4 Qc7 14. c4 Nb4 15. Qb1 d5 16. e5 Ne4 17. Be3 Be7 18. Be2 0-0 19. 0-0 Rab8 20. Bg4 b5 21. Bxe6+ Kh8 22. Nc3 Bc5 23. Bxc5 Nxc5 24. cxb5 cxb5 25. Nxd5 Qa7 26. Nxb4 Nxe6+ 27. Kh1 axb4 28. f5 Nc5 29. Rf4 Rbd8 30. Qg1 Qe7 31. e6 Nxe6 32. Qe1 Rde8 33. Rxb4 Rxf5 34. Re4 Qf7 35. Rc1 Rf8 36. h3 Nc5 37. Re3 Qxa2 38. Qb4 Qa4 39. Qxa4 Nxa4 40. Rb3 Rf1+ 41. Rxf1 Rxf1+ 42. Kh2 Rf5 0-1

[Event "SVK-chT1E 1920"]
[Site "Slovakia"]
[Date "2020.01.25"]
[Round "7.7"]
[White "Simonova, Stela"]
[Black "Panko, Eduard"]
[Result "1-0"]
[WhiteElo "1704"]
[BlackElo "2010"]
[PlyCount "133"]
[EventDate "2019.10.12"]
[EventType "team-tourn"]
[EventRounds "11"]
[EventCountry "SVK"]
[SourceTitle "CBM 194 Extra"]
[Source "ChessBase"]
[SourceDate "2020.03.31"]
[SourceVersion "1"]
[SourceVersionDate "2020.03.31"]
[SourceQuality "1"]
[WhiteTeam "Humenne Reinter II"]
[BlackTeam "Bardejov"]
[WhiteTeamCountry "SVK"]
[BlackTeamCountry "SVK"]

1. d4 d6 2. Nf3 Bg4 3. e3 Nf6 4. Nbd2 e5 5. dxe5 dxe5 6. Be2 Nc6 7. h3 Bf5 8. Bb5 Qd5 9. Bc4 Qd7 10. Nh4 Be6 11. Bxe6 Qxe6 12. Nhf3 0-0-0 13. Qe2 h6 14. Nb3 Qf5 15. a3 g5 16. Qc4 Ne4 17. Rf1 Be7 18. Nbd2 Nd6 19. Qg4 h5 20. Qxf5+ Nxf5 21. Nb3 e4 22. Nfd2 Nd6 23. Nd4 Nxd4 24. exd4 f5 25. Nb3 Bf6 26. c3 Rhe8 27. Kd1 Nc4 28. Kc2 b6 29. Re1 Kb7 30. Bd2 Kc6 31. a4 a5 32. Nc1 f4 33. Re2 Nd6 34. Nb3 Kd5 35. Rae1 f3 36. gxf3 exf3 37. Re3 Rxe3 38. Bxe3 Nc4 39. Bc1 g4 40. hxg4 hxg4 41. Bf4 Rd7 42. Nd2 Nxd2 43. Kxd2 c6 44. b3 b5 45. Kd3 c5 46. c4+ bxc4+ 47. bxc4+ Kc6 48. Re6+ Kb7 49. Rxf6 Rxd4+ 50. Kc3 Rd1 51. Rf5 Ra1 52. Rxc5 Rxa4 53. Rb5+ Kc6 54. Rg5 Ra3+ 55. Kb2 Ra4 56. Kb3 Ra1 57. Rxg4 Rb1+ 58. Ka3 Ra1+ 59. Kb2 Ra4 60. Bd2 Kc5 61. Kb3 Ra1 62. Rg5+ Kb6 63. Be3+ Kc6 64. Rg6+ Kb7 65. c5 Rb1+ 66. Ka2 Rb4 67. Rb6+ 1-0

[Event "SVK-chT2D 1819"]
[Site "Slovakia"]
[Date "2019.04.07"]
[Round "11.6"]
[White "Panko, Eduard"]
[Black "Miko, Erich"]
[Result "1-0"]
[WhiteElo "1988"]
[BlackElo "1695"]
[PlyCount "99"]
[EventDate "2018.10.13"]
[EventType "team-tourn"]
[EventRounds "11"]
[EventCountry "SVK"]
[SourceTitle "EXT 2020"]
[Source "ChessBase"]
[SourceDate "2019.10.17"]
[SourceVersion "1"]
[SourceVersionDate "2019.10.17"]
[SourceQuality "1"]
[WhiteTeam "Stropkov/Svidnik"]
[BlackTeam "Moldava nad Bodvou"]
[WhiteTeamCountry "SVK"]
[BlackTeamCountry "SVK"]

1. e4 e6 2. Nf3 d6 3. d4 Nf6 4. Nc3 Be7 5. Bf4 Nc6 6. Bb5 Bd7 7. Qd2 a6 8. Bxc6 Bxc6 9. d5 Bd7 10. 0-0-0 e5 11. Bg5 Bg4 12. h3 Bh5 13. Rde1 Bxf3 14. gxf3 Nxd5 15. Qxd5 Bxg5+ 16. Kb1 c6 17. Qd3 Qc7 18. Rd1 0-0-0 19. Rdg1 Bf6 20. Rd1 Qb6 21. Rh2 Rd7 22. Qc4 Kb8 23. Rg2 Rhd8 24. b3 g6 25. Qe2 d5 26. Rgg1 d4 27. Na4 Qb4 28. Nb2 b5 29. Nd3 Qd6 30. Qd2 Bg7 31. Qb4 Qxb4 32. Nxb4 Kb7 33. Nd3 Kb6 34. f4 f6 35. f3 a5 36. h4 c5 37. fxe5 fxe5 38. f4 Re8 39. h5 exf4 40. hxg6 h6 41. Nxf4 Rxe4 42. Nh5 Re5 43. Nf4 Bf6 44. Rdf1 Bg7 45. Nd3 Re6 46. Rf5 Rc7 47. Nf4 Rcc6 48. Nxe6 Rxe6 49. Rf7 d3 50. cxd3 1-0

[Event "SVK-chT2D 1819"]
[Site "Slovakia"]
[Date "2019.03.02"]
[Round "8.7"]
[White "Stromp, Julius"]
[Black "Panko, Eduard"]
[Result "1-0"]
[WhiteElo "1993"]
[BlackElo "1988"]
[PlyCount "75"]
[EventDate "2018.10.13"]
[EventType "team-tourn"]
[EventRounds "11"]
[EventCountry "SVK"]
[SourceTitle "CBM 189 Extra"]
[Source "ChessBase"]
[SourceDate "2019.06.03"]
[SourceVersion "1"]
[SourceVersionDate "2019.06.03"]
[SourceQuality "1"]
[WhiteTeam "Spisska Nova Ves"]
[BlackTeam "Stropkov/Svidnik"]
[WhiteTeamCountry "SVK"]
[BlackTeamCountry "SVK"]

1. e4 d6 2. d4 Nf6 3. Bd3 c6 4. Nf3 Bg4 5. 0-0 Nbd7 6. Be3 e5 7. c3 Qc7 8. Nbd2 Be7 9. h3 Bh5 10. Re1 0-0 11. Qc2 b5 12. a4 a6 13. b4 Rfe8 14. g4 Bg6 15. dxe5 dxe5 16. Nb3 Rab8 17. axb5 axb5 18. Nh4 Bxe4 19. Bxe4 Nxe4 20. Qxe4 Bxh4 21. g5 Bxg5 22. Bxg5 Re6 23. Re3 Rf8 24. Rg3 f5 25. Qc2 f4 26. Rg4 c5 27. Qe4 cxb4 28. cxb4 Rfe8 29. Ra8 Qd6 30. Rxe8+ Rxe8 31. Nc5 Nxc5 32. bxc5 Qe6 33. c6 h6 34. Bh4 Rc8 35. Rg6 Qf7 36. Bf6 Qc4 37. Rxg7+ Kf8 38. Qh7 1-0

[Event "SVK-chT1E 1819"]
[Site "Slovakia"]
[Date "2019.02.23"]
[Round "8.6"]
[White "Panko, Eduard"]
[Black "Sankova, Stella"]
[Result "1/2-1/2"]
[WhiteElo "2000"]
[BlackElo "1969"]
[PlyCount "82"]
[EventDate "2018.10.27"]
[EventType "team-tourn"]
[EventRounds "11"]
[EventCountry "SVK"]
[SourceTitle "CBM 189 Extra"]
[Source "ChessBase"]
[SourceDate "2019.06.03"]
[SourceVersion "1"]
[SourceVersionDate "2019.06.03"]
[SourceQuality "1"]
[WhiteTeam "Bardejov"]
[BlackTeam "Cebovce"]
[WhiteTeamCountry "SVK"]
[BlackTeamCountry "SVK"]

1. e4 c5 2. a3 g6 3. Bc4 Bg7 4. Nc3 Nc6 5. Nf3 e6 6. d3 Nge7 7. 0-0 0-0 8. Ba2 a6 9. Be3 Nd4 10. Rb1 b5 11. Qd2 Bb7 12. Ne1 d5 13. f3 Qd7 14. Bh6 Rac8 15. Bxg7 Kxg7 16. Nd1 b4 17. Ne3 Qa4 18. Ng4 Ng8 19. Qd1 bxa3 20. bxa3 Nb5 21. Qc1 Nc3 22. Qb2 Qd4+ 23. Nf2 Nxb1 24. Qxb1 Rb8 25. Qc1 Bc6 26. c3 Qa4 27. Nc2 Qb5 28. exd5 exd5 29. Ne3 c4 30. dxc4 dxc4 31. Nxc4 Nf6 32. Qf4 Rbd8 33. Ne4 Qf5 34. Qc7 Qd7 35. Qf4 Qf5 36. Qc7 Qd7 37. Qf4 Qf5 38. Qc7 Bd5 39. Qb6 Bxc4 40. Bxc4 a5 41. a4 Qe5 1/2-1/2

[Event "SVK-chT2D 1819"]
[Site "Slovakia"]
[Date "2018.10.14"]
[Round "2.7"]
[White "Pacholsky, Radovan"]
[Black "Panko, Eduard"]
[Result "0-1"]
[WhiteElo "1784"]
[BlackElo "1988"]
[PlyCount "66"]
[EventDate "2018.10.13"]
[EventType "team-tourn"]
[EventRounds "11"]
[EventCountry "SVK"]
[SourceTitle "CBM 187 Extra"]
[Source "ChessBase"]
[SourceDate "2018.11.04"]
[SourceVersion "1"]
[SourceVersionDate "2018.11.04"]
[SourceQuality "1"]
[WhiteTeam "Margecany"]
[BlackTeam "Stropkov/Svidnik"]
[WhiteTeamCountry "SVK"]
[BlackTeamCountry "SVK"]

1. e4 d6 2. Nf3 Bg4 3. d4 Nf6 4. Nc3 c6 5. Bg5 Nbd7 6. Be2 Qa5 7. Bxf6 Nxf6 8. 0-0 e5 9. a3 Be7 10. b4 Qc7 11. Qd3 0-0 12. a4 a5 13. b5 Rfe8 14. d5 cxd5 15. Nxd5 Nxd5 16. exd5 Rac8 17. c4 f5 18. Nd2 e4 19. Qe3 Bxe2 20. Qxe2 Bg5 21. Rfc1 e3 22. fxe3 Bxe3+ 23. Kf1 Bd4 24. Qd3 Bxa1 25. Rxa1 b6 26. Rc1 Qc5 27. Nf3 Re4 28. Nd2 Re3 29. Qc2 Rce8 30. Nb3 Qb4 31. Nd4 Re1+ 32. Kf2 Rxc1 33. Qxc1 Qc5 0-1